LEADER 01008nam2-22003371i-450- 001 990002034040403321 005 20090327130756.0 035 $a000203404 035 $aFED01000203404 035 $a(Aleph)000203404FED01 035 $a000203404 100 $a20030910d1953----km-y0itay50------ba 101 0 $aeng 200 1 $aColeoptera, Coccinellidae and Sphindidae$fR. D. Pope 210 $aLondon$cR. Ent. Soc. London$d1953 215 $a12 p.$d23 cm 225 1 $aHandbooks for the identification of British insects$v5 327 0 $a7.: Coccinellidae and Sphindidae/R. D. Pope 461 0$1001000203657$12001$aColeoptera 610 0 $aColeotteri 610 0 $aCoccinellidae 610 0 $aSphindidae 676 $a595.76 700 1$aPope,$bRobert Dennis$086037 801 0$aIT$bUNINA$gRICA$2UNIMARC 901 $aBK 912 $a990002034040403321 952 $a61 V A.6/087.5.07$b2600$fDAGEN 959 $aDAGEN 996 $aColeoptera, Coccinellidae and Sphindidae$9404348 997 $aUNINA